书目信息 |
| 书名: | Motivation | |
| 作者: | Douglas G. Mook. | |
| 分册号: | ||
| 分册名: | 出版地: | New York : |
|
| 出版社: | W.W.Norton and Company | |
| 出版时间: | 1987. | |
| 页数: | 586 p. ; | |
| 开本: | 26cm. | |
| 丛书名: | ||
| 中图分类号: | ||
| 科图分类号: | ||
| 其他分类号: | B84 | |
| 主题词: | ||
| 电子资源: | ||
| 000 | 00448nam 2200157 a 4500 | |
| 001 | E0252587036 | |
| 005 | 2002031314362704 | |
| 008 | 020313s1987 00010 eng | |
| 020 | @a0-393-95474-9 :@cRMB 12.00. | |
| 040 | @aPFT@beng | |
| 090 | @aB84 | |
| 099 | @dB84@eM817 | |
| 245 | @aMotivation :@bthe Organization of action / @cDouglas G. Mook. | |
| 260 | @aNew York :@bW.W.Norton and Company,@c1987. | |
| 300 | @a586 p. ;@c26cm. | |
| 500 | @aIncludes index. | |
| Motivation : : the Organization of action / / Douglas G. Mook.-New York : : W.W.Norton and Company, , 1987. |
| 586 p. ; ; 26cm. |
| Includes index. |
| ISBN 0-393-95474-9 :RMB 12.00. |
| ● |
| 相关链接 |
|
|
|
正题名:Motivation
索取号:B84/M817
 
预约/预借
| 序号 | 登录号 | 条形码 | 馆藏地/架位号 | 状态 | 备注 |
| 1 | 01870 | 300018709 | 社科库509/509社科库 129排1列6层/ [索取号:B84/M817] | 在馆 |